FCE Result

Spremljeno u:
Bibliografski detalji
Format: Knjiga
Izdano: Oxford 2008
Oznake: Dodaj oznaku
Bez oznaka, Budi prvi tko označuje ovaj zapis!
Thư viện lưu trữ: Mạng thư viện Đại học Đà Nẵng
LEADER 00412nam a22001691a 4500
001 000035923
003 12215
005 20160321134604.0
008 160321s2008 000
245 |a FCE Result  |c Paul A Davies & Tim Falla 
260 |a Oxford  |c 2008 
OWN |a LNN 
999 |a From the UDN01 
TYP |a Monograph 
980 |a Mạng thư viện Đại học Đà Nẵng